CONTEMPORARY ORTHODONTICS (Record no. 3676)
[ view plain ]
| 000 -LEADER | |
|---|---|
| fixed length control field | 00342nam a2200145Ia 4500 |
| 008 - FIXED-LENGTH DATA ELEMENTS--GENERAL INFORMATION | |
| fixed length control field | 150201s2007 xx 000 0 und d |
| 082 ## - DEWEY DECIMAL CLASSIFICATION NUMBER | |
| Classification number | 617.643 |
| Item number | C2007P |
| 100 ## - MAIN ENTRY--PERSONAL NAME | |
| Personal name | PROFFIT,WILLIAM |
| 245 ## - TITLE STATEMENT | |
| Title | CONTEMPORARY ORTHODONTICS |
| 250 ## - EDITION STATEMENT | |
| Edition statement | 4TH |
| 260 ## - PUBLICATION, DISTRIBUTION, ETC. (IMPRINT) | |
| Name of publisher, distributor, etc. | MOSBY |
| Place of publication, distribution, etc. | DELHI |
| Date of publication, distribution, etc. | 2007 |
| 300 ## - PHYSICAL DESCRIPTION | |
| Extent | 1-751 |
| 650 ## - SUBJECT ADDED ENTRY--TOPICAL TERM | |
| Topical term or geographic name as entry element | ORTHODONTICS |
| 942 ## - ADDED ENTRY ELEMENTS (KOHA) | |
| Source of classification or shelving scheme | Dewey Decimal Classification |
| Koha item type | Books |
| Withdrawn status | Lost status | Source of classification or shelving scheme | Damaged status | Not for loan | Home library | Current library | Date acquired | Source of acquisition | Cost, normal purchase price | Serial Enumeration / chronology | SGTU | Bill Number | Total Checkouts | Full call number | Barcode | Date last seen | Date last checked out | Bill Date | Koha item type |
|---|---|---|---|---|---|---|---|---|---|---|---|---|---|---|---|---|---|---|---|
| Dewey Decimal Classification | SGT Dental Library | SGT Dental Library | 31/10/2007 | U.B.S.DELHI | 1495.00 | 1 | SGTU | 709 | 1 | 617.643 C2007P | FD4422 | 27/01/2026 | 27/01/2026 | 23/08/2012 | Books | ||||
| Dewey Decimal Classification | SGT Dental Library | SGT Dental Library | 31/10/2007 | U.B.S.DELHI | 1495.00 | 1 | SGTU | 709 | 617.643 C2007P | FD4423 | 23/08/2017 | 23/08/2012 | Books | ||||||
| Dewey Decimal Classification | SGT Dental Library | SGT Dental Library | 31/10/2007 | U.B.S.DELHI | 1495.00 | 1 | SGTU | 709 | 617.643 C2007P | FD4424 | 09/02/2015 | 23/08/2012 | Books | ||||||
| Dewey Decimal Classification | SGT Dental Library | SGT Dental Library | 31/10/2007 | U.B.S.DELHI | 1495.00 | 1 | SGTU | 709 | 617.643 C2007P | FD4425 | 07/09/2018 | 23/08/2012 | Books | ||||||
| Dewey Decimal Classification | SGT Dental Library | SGT Dental Library | 31/10/2007 | U.B.S.DELHI | 1495.00 | 1 | SGTU | 709 | 1 | 617.643 C2007P | FD4426 | 28/05/2021 | 16/03/2021 | 23/08/2012 | Books | ||||
| Dewey Decimal Classification | SGT Dental Library | SGT Dental Library | 16/01/2008 | DELHI BOOK STORE | 1495.00 | 1 | SGTU | 1561 | 10 | 617.643 C2007P | FD4791 | 01/04/2019 | 01/04/2019 | 15/12/2012 | Books | ||||
| Dewey Decimal Classification | SGT Dental Library | SGT Dental Library | 16/01/2008 | DELHI BOOK STORE | 1495.00 | 1 | SGTU | 1561 | 617.643 C2007P | FD4792 | 09/02/2015 | 15/12/2012 | Books | ||||||
| Dewey Decimal Classification | SGT Dental Library | SGT Dental Library | 10/06/2008 | U.B.S.DELHI | 1250.00 | 1 | SGTU | 1023 | 3 | 617.6 C2007P | FD5512 | 09/04/2019 | 28/03/2019 | 11/02/2013 | Books | ||||
| Dewey Decimal Classification | SGT Dental Library | SGT Dental Library | 25/11/2008 | U.B.S.DELHI | 1350.00 | 1 | SGTU | 683 | 5 | 617.643 C2007P | FD5587 | 22/08/2020 | 22/08/2020 | 12/02/2013 | Books | ||||
| Dewey Decimal Classification | SGT Dental Library | SGT Dental Library | 25/11/2008 | U.B.S.DELHI | 1350.00 | 1 | SGTU | 683 | 8 | 617.643 C2007P | FD5588 | 05/07/2021 | 07/04/2021 | 12/02/2013 | Books |